Normal view
MARC view
- Iqbal, Raheel
Entry Personal Name
001 - CONTROL NUMBER
- control field: 120132
003 - CONTROL NUMBER IDENTIFIER
- control field: NUST
005 - DATE AND TIME OF LATEST TRANSACTION
- control field: 20240126162651.0
008 - FIXED-LENGTH DATA ELEMENTS
- fixed length control field: 240126|| aca||aabn | a|a d
040 ## - CATALOGING SOURCE
- Original cataloging agency: NUST
- Transcribing agency: NUST
100 ## - HEADING--PERSONAL NAME
- Personal name: Iqbal, Raheel
670 ## - SOURCE DATA FOUND
- Source citation: Work cat.: (NUST): Iqbal, Raheel, Evolution of Organization and Generational Strategies in Family- owned Business i.e., Packages Limited/
